000
00301nam a2200109Ia 4500
008
201231s9999 xx 000 0 und d
100
_a
Shukla, Madhukar
245
0
_a
Competing Through Knowledge : Building A Learning Organisation
260
_a
New Delhi
_b
Response Books
300
_a
334
942
_c
BK
999
_c
10151
_d
10151